000 01386nas a2200349 i 4500
001 1929
003 ES-MaACL
005 20250408202637.0
008 950801d19071936sp | | 1 ||pa d
022 _a1136-5846
080 _a008(460.15)
245 0 0 _aRevista internacional de los estudios vascos /
_cdirector, Julio de Urquijo.
246 3 _aRevue international des études basques
260 _aSan Sebastián :
_b[RIEV],
_c1907-1936 (
_fImp. de la Diputación de Guipúzcoa)
300 _a10 v. :
_bil. ;
_c25 cm.
310 _aTrimestral
362 0 _aAño 1, n. 1 (1907)-(1936)
555 8 _aÍndice de 1907-29: encuadernado con 1929.
580 _aExiste reprod. facsímil publ. en Bilbao: Biblioteca de la Gran Enciclopedia Vasca, 1969-1972.
650 4 _aMonografías regionales.
_915170
650 4 _aLingüística. Filología.
_914477
651 4 _aPaís Vasco-
_xCultura.
_99148
655 7 _2tgfbne
_9226866
_aRevistas
700 1 _aUrquijo e Ibarra, Julio de.
_9112208
710 1 _aVizcaya (Provincia).
_bDiputación Provincial.
_97563
852 4 _aES-MaACL
_jHEM-751
_91968
_cDEPO1
_zUnificar con signatura: J-63
856 _uhttps://dialnet.unirioja.es/servlet/revista?codigo=2766
_ySumarios de la revista en Dialnet
866 0 _o1927-1935(1936)
942 _2udc
_cPERIODICA
999 _c1929
_d1929